[Event "Managua Arellano Memorial"]
[Site "Managua"]
[Date "2023.07.23"]
[Round "2"]
[White "Allen Montes, Charles Mijail"]
[Black "Diaz Castillo, Diana"]
[Result "1-0"]
[WhiteElo "1485"]
[BlackElo "1150"]
[PlyCount "61"]
[EventDate "2023.07.22"]
[EventType "swiss"]
[EventRounds "9"]
[EventCountry "NCA"]
[SourceTitle "EXT 2024"]
[Source "ChessBase"]
[SourceDate "2023.10.10"]
[SourceVersion "1"]
[SourceVersionDate "2023.10.10"]
[SourceQuality "1"]

1. e4 c6 2. d4 d5 3. exd5 cxd5 4. Bd3 Nf6 5. c3 Nc6 6. Ne2 e6 7. Nd2 Be7 8. Nf3 0-0 9. 0-0 Bd7 10. Bf4 Qb6 11. Rb1 Rac8 12. Ng3 g6 13. Re1 Rfd8 14. Qe2 Na5 15. h4 Bd6 16. Ne5 Be8 17. h5 Bxe5 18. Bxe5 Nd7 19. hxg6 fxg6 20. Qg4 Nxe5 21. Rxe5 Bf7 22. Nh5 Qd6 23. Rbe1 Re8 24. Nf4 Qf8 25. Nxe6 Bxe6 26. Rxe6 Kg7 27. Rxg6+ Kh8 28. Rge6 Qg8 29. Qh5 Rxe6 30. Rxe6 Rf8 31. Re7 1-0

[Event "NCA-chT 1st Stage"]
[Site "Managua"]
[Date "2021.09.25"]
[Round "1.4"]
[White "Quintero Obando, Lesber Alexander"]
[Black "Allen Montes, Charles Mijail"]
[Result "0-1"]
[WhiteElo "1424"]
[BlackElo "1449"]
[PlyCount "48"]
[EventDate "2021.09.25"]
[EventType "team-swiss"]
[EventRounds "9"]
[EventCountry "NCA"]
[SourceTitle "EXT 2023"]
[Source "ChessBase"]
[SourceDate "2022.10.05"]
[SourceVersion "1"]
[SourceVersionDate "2022.10.05"]
[SourceQuality "1"]
[WhiteTeam "Nicaragua CC"]
[BlackTeam "Sunrise CC"]
[WhiteTeamCountry "NCA"]
[BlackTeamCountry "NCA"]

1. e4 d5 2. e5 c5 3. d4 Nc6 4. Bb5 c4 5. b3 Qa5+ 6. Nc3 Qxc3+ 7. Bd2 Qxd4 8. Ne2 Qb6 9. bxc4 dxc4 10. Rb1 Qc7 11. Bf4 e6 12. Nd4 a6 13. Nxc6 bxc6 14. Bxc4 Rb8 15. Rc1 Ne7 16. 0-0 Nd5 17. Bg3 Ba3 18. Ra1 Bb2 19. Rb1 Bxe5 20. Rxb8 Qxb8 21. Qd3 Bxg3 22. fxg3 0-0 23. Bxa6 Qb6+ 24. Kh1 Bxa6 0-1

[Event "NCA-chT Final"]
[Site "Managua"]
[Date "2020.10.31"]
[Round "5.4"]
[White "Briceno Sandino, Bryan Andres"]
[Black "Allen Montes, Charles Mijail"]
[Result "0-1"]
[WhiteElo "1568"]
[BlackElo "1439"]
[PlyCount "55"]
[EventDate "2020.10.24"]
[EventType "team-tourn"]
[EventRounds "11"]
[EventCountry "NCA"]
[SourceTitle "EXT 2022"]
[Source "ChessBase"]
[SourceDate "2021.10.06"]
[SourceVersion "1"]
[SourceVersionDate "2021.10.06"]
[SourceQuality "1"]

1. e4 c5 2. Nf3 e6 3. d4 cxd4 4. Nxd4 a6 5. c4 Nc6 6. Nc3 Nf6 7. a3 g6 8. Be2 Qc7 9. 0-0 Bg7 10. Be3 0-0 11. f4 b6 12. e5 Ne8 13. Nxc6 dxc6 14. Qb3 b5 15. Bc5 bxc4 16. Qxc4 Rb8 17. Bxf8 Bxf8 18. b4 Ng7 19. Ne4 Nf5 20. Qd3 a5 21. Nf6+ Kh8 22. Qh3 h6 23. Bd3 axb4 24. axb4 Bb7 25. Bxf5 exf5 26. Rfd1 Qb6+ 27. Kh1 Qxb4 28. Rd7 0-1

[Event "NCA-chT 1st Stage"]
[Site "Managua"]
[Date "2020.10.04"]
[Round "3.23"]
[White "Alfaro Caracas, William"]
[Black "Allen Montes, Charles Mijail"]
[Result "1-0"]
[WhiteElo "2135"]
[BlackElo "1439"]
[PlyCount "45"]
[EventDate "2020.10.03"]
[EventType "team-swiss"]
[EventRounds "9"]
[EventCountry "NCA"]
[SourceTitle "EXT 2022"]
[Source "ChessBase"]
[SourceDate "2021.10.06"]
[SourceVersion "1"]
[SourceVersionDate "2021.10.06"]
[SourceQuality "1"]

1. e4 c5 2. d4 cxd4 3. c3 dxc3 4. Nxc3 a6 5. Nf3 e6 6. Bc4 Nc6 7. 0-0 Qc7 8. Qe2 Be7 9. Rd1 d6 10. Bf4 b5 11. Bb3 Bb7 12. Rac1 Qd8 13. e5 d5 14. Nxd5 exd5 15. Bxd5 Qb6 16. Be3 Qc7 17. Bxc6+ Bxc6 18. Nd4 Qxe5 19. Nxc6 Qe6 20. Qf3 Qf6 21. Qd5 Qe6 22. Nxe7 Qxd5 23. Nxd5 1-0

[Event "NCA-chT 1st Stage"]
[Site "Managua"]
[Date "2020.10.03"]
[Round "1.4"]
[White "Granados Diaz, Maria Esther"]
[Black "Allen Montes, Charles Mijail"]
[Result "1-0"]
[WhiteElo "1842"]
[BlackElo "1439"]
[PlyCount "63"]
[EventDate "2020.10.03"]
[EventType "team-swiss"]
[EventRounds "9"]
[EventCountry "NCA"]
[SourceTitle "EXT 2022"]
[Source "ChessBase"]
[SourceDate "2021.10.06"]
[SourceVersion "1"]
[SourceVersionDate "2021.10.06"]
[SourceQuality "1"]

1. e4 c5 2. Nf3 e6 3. d4 cxd4 4. Nxd4 a6 5. c4 Nc6 6. Nc3 Qc7 7. Be2 Nf6 8. a3 Be7 9. 0-0 d6 10. Kh1 Bd7 11. f4 Rc8 12. Be3 Na5 13. b3 e5 14. Nf5 Bxf5 15. exf5 exf4 16. Bxf4 Qd7 17. Na4 Qc7 18. c5 Ne4 19. b4 Nc6 20. Bf3 b5 21. cxb6 Qd7 22. Bxe4 Rd8 23. Rc1 Rc8 24. Re1 0-0 25. Bxc6 Rxc6 26. Rxc6 Qxc6 27. Rxe7 h6 28. f6 Rc8 29. h3 d5 30. Rc7 Rxc7 31. bxc7 gxf6 32. Nb6 1-0

[Event "Managua Ramirez de Arellano Memorial"]
[Site "Managua"]
[Date "2019.07.27"]
[Round "7"]
[White "Granados Lopez, Fidel"]
[Black "Allen Montes, Charles Mijail"]
[Result "1-0"]
[WhiteElo "1762"]
[BlackElo "1416"]
[PlyCount "71"]
[EventDate "2019.07.13"]
[EventType "swiss"]
[EventRounds "9"]
[EventCountry "NCA"]
[SourceTitle "EXT 2020"]
[Source "ChessBase"]
[SourceDate "2019.10.17"]
[SourceVersion "1"]
[SourceVersionDate "2019.10.17"]
[SourceQuality "1"]

1. e4 c5 2. Bc4 a6 3. d4 cxd4 4. Nf3 Nc6 5. Nxd4 e6 6. 0-0 Qc7 7. Bb3 Na5 8. Nc3 Nxb3 9. axb3 Nf6 10. Bg5 Be7 11. Bxf6 gxf6 12. f4 b6 13. Qg4 Kf8 14. Qh5 Bb7 15. Rf3 Bc5 16. Nce2 Ke7 17. Kh1 Bxd4 18. Nxd4 Bxe4 19. Rf2 a5 20. Re1 Qb7 21. Nf5+ Bxf5 22. Qxf5 Rac8 23. Rd2 Rc5 24. Qd3 h5 25. Qd6+ Ke8 26. Red1 Rc7 27. f5 Rh7 28. Re1 Qc6 29. Qg3 Kf8 30. Re3 Qb5 31. h4 Qc6 32. Rc3 Qe4 33. Rxc7 e5 34. Rdxd7 Qa8 35. Ra7 Qb8 36. Qd3 1-0

[Event "Managua Ramirez de Arellano Memorial"]
[Site "Managua"]
[Date "2017.07.30"]
[Round "8"]
[White "Allen Montes, Charles Mijail"]
[Black "Lopez Lopez, Manuel"]
[Result "1-0"]
[WhiteElo "1474"]
[BlackElo "1426"]
[PlyCount "115"]
[EventDate "2017.07.15"]
[EventType "swiss"]
[EventRounds "9"]
[EventCountry "NCA"]
[SourceTitle "EXT 2018"]
[Source "ChessBase"]
[SourceDate "2017.10.13"]
[SourceVersion "1"]
[SourceVersionDate "2017.10.13"]
[SourceQuality "1"]

1. e4 e5 2. Nf3 Nc6 3. Bc4 d6 4. h3 Be7 5. c3 Bf6 6. 0-0 Nge7 7. d4 exd4 8. cxd4 0-0 9. Bb3 Ng6 10. Nc3 Nh4 11. Nxh4 Bxh4 12. d5 Ne5 13. f4 Ng6 14. Bc2 f5 15. a4 fxe4 16. Bxe4 Bf5 17. Bxf5 Rxf5 18. Qg4 Qd7 19. Nb5 Bf6 20. Ra3 Rf8 21. Kh1 Bd8 22. Nd4 R5f7 23. Qxd7 Rxd7 24. Ne6 Rf5 25. Nxd8 Rxd8 26. Rd3 Re8 27. g4 Rf7 28. f5 Ne5 29. Re3 Rfe7 30. Rfe1 Kf7 31. Re4 Nd3 32. Rxe7+ Rxe7 33. Rxe7+ Kxe7 34. Bg5+ Ke8 35. b3 Nc5 36. Be3 Nxb3 37. Kg2 Na5 38. Bd4 Kf7 39. Bxa7 Ke7 40. Bd4 g6 41. f6+ Kf7 42. g5 Nc4 43. Kf2 Na5 44. Bc3 Nc4 45. a5 Na3 46. Ke2 Nb5 47. Bb2 Na7 48. Kd3 c6 49. Kc4 c5 50. Bc1 Kf8 51. Bf4 Nc8 52. h4 Ke8 53. Kb5 Kf7 54. a6 bxa6+ 55. Kxa6 c4 56. Kb7 Ne7 57. fxe7 Kxe7 58. Kc7 1-0